Politics of region and religion in India : (Record no. 124411)

MARC details
000 -LEADER
fixed length control field 00719nam a22002297a 4500
005 - DATE AND TIME OF LATEST TRANSACTION
control field 20170124105939.0
010 ## - LIBRARY OF CONGRESS CONTROL NUMBER
LC control number A-455816
020 ## - INTERNATIONAL STANDARD BOOK NUMBER
Terms of availability 00.00
International Standard Book Number 8185024839
035 ## - SYSTEM CONTROL NUMBER
System control number A-455816
037 ## - SOURCE OF ACQUISITION
Source of stock number/acquisition Cen Lib/Ret
040 ## - CATALOGING SOURCE
Original cataloging agency DPL
Language of cataloging EN
082 ## - DEWEY DECIMAL CLASSIFICATION NUMBER
Classification number 320
Item number DAT
100 ## - MAIN ENTRY--PERSONAL NAME
Personal name Datta, Prabhat K.
9 (RLIN) 10672
245 ## - TITLE STATEMENT
Title Politics of region and religion in India :
Statement of responsibility, etc by Prabhta K. Datta
260 ## - PUBLICATION, DISTRIBUTION, ETC. (IMPRINT)
Place of publication, distribution, etc New Delhi
Name of publisher, distributor, etc Uppal Publishing House
Date of publication, distribution, etc 1992
270 ## - ADDRESS
Address 3 Ansari Road , Daryaganj
City New Delhi
Postal code 110002
300 ## - PHYSICAL DESCRIPTION
Extent 143p.
Dimensions 21cm(Hb)
500 ## - GENERAL NOTE
General note Includes bibliographical references and index.
650 ## - SUBJECT ADDED ENTRY--TOPICAL TERM
Topical term or geographic name as entry element Political Science
9 (RLIN) 10673
650 ## - SUBJECT ADDED ENTRY--TOPICAL TERM
Topical term or geographic name as entry element Politics In India
9 (RLIN) 10674
942 ## - ADDED ENTRY ELEMENTS (KOHA)
Source of classification or shelving scheme Dewey Decimal Classification
Koha item type English Books
Classification part 320
Call number suffix DAT
Holdings
Withdrawn status Lost status Damaged status Not for loan Home library Current library Date acquired Source of acquisition Cost, normal purchase price Total Checkouts Full call number Barcode Date last seen Copy number Cost, replacement price Price effective from Koha item type Public note
Written off       Central Library Central Library 16/06/2015 Cen Lib/Ret 0.00   320 DAT A-455816 16/06/2015 1 0.00 16/06/2015 English Books Written off on approval by DLB (By Circulation); dtd 15-06-2023

© Delhi Public Library
Hit Counter
free hit counter